000 00532nam a2200157 i 4500
001 122725
003 ES-MaACL
005 20230906192030.0
007 t|
008 070214m19441946sp r ||||1| spa d
100 1 _aPuig Peña, Federico.
_994273
245 1 0 _aDerecho Penal
_b: contestaciones a los programas de las oposiciones a la judicatura y al magisterio fiscal /
_cFederico Puig Peña.
260 _aBarcelona :
_b[s.n.],
_c1944-46 (
_fImp. Clarasó)
300 _a2 v. ;
_c23 cm.
852 _aES-MaACL
_jB-10420-21
_bR.21904
999 _c122725
_d122725